إدارة الإنتاج والعمليات : (Record no. 14100)
[ view plain ]
| 000 -الفاتح | |
|---|---|
| حقل البيانات ثابتة الطول | 01140nam a22002297a 4500 |
| 008 - عناصر البيانات ثابتة الطول - معلومات عامة | |
| حقل البيانات ثابتة الطول | 100616s2002 ua|||||r|||| 000 0 ara d |
| 020 ## - الرقم الدولى المعيارى للكتب | |
| الرقم الدولى المعيارى للكتاب | 977043356X |
| 082 ## - رقم تصنيف ديوى العشرى | |
| رقم الطبعة | 22 |
| رقم التصنيف | 658.5 |
| رقم المادة | ب ط ل |
| 100 ## - المدخل الرئيسى - إسم شخصى | |
| 9 (RLIN) | 14761 |
| الإسم الشخصى | البطل، منى محمد إبراهيم |
| 245 ## - بيان العنوان | |
| العنوان | إدارة الإنتاج والعمليات : |
| بقية العنوان | المبادىء العلمية والتطبيق العلمي مع نظرة مستقبلية لتحقيق القدرات التنافسية / |
| بيان المسئوليه,etc | منى محمد إبراهيم البطل |
| 260 ## - PUBLICATION, DISTRIBUTION, ETC. (IMPRINT) | |
| مكان الناشر او الموزع | [د.م]: |
| اسم الناشر او الموزع | [د.ن] ، |
| تاريخ النشر أو التوزيع | [2003?] |
| 300 ## - الوصف المادى | |
| التعداد | 387 ص: |
| تفاصيل ماديه اخرى للوعاء | ايض؛ |
| أبعاد الوعاء | 24 سم |
| 504 ## - تبصرة ببليوجرافية | |
| تبصرة ببليوجرافية,الخ | ببليوجرافية: ص 387-389 |
| 650 ## - المدخل الاضافى بالموضوع-مصطلح موضوعى | |
| 9 (RLIN) | 14821 |
| مصطلح موضوعي أو اسم جغرافي كعنصر مدخل | إدارة الإنتاج |
| 650 ## - المدخل الاضافى بالموضوع-مصطلح موضوعى | |
| 9 (RLIN) | 14823 |
| مصطلح موضوعي أو اسم جغرافي كعنصر مدخل | تخطيط الإنتاج |
| 650 ## - المدخل الاضافى بالموضوع-مصطلح موضوعى | |
| 9 (RLIN) | 14824 |
| مصطلح موضوعي أو اسم جغرافي كعنصر مدخل | جودة الإنتاج |
| 650 ## - المدخل الاضافى بالموضوع-مصطلح موضوعى | |
| 9 (RLIN) | 14822 |
| مصطلح موضوعي أو اسم جغرافي كعنصر مدخل | مراقبة الإنتاج |
| 650 ## - المدخل الاضافى بالموضوع-مصطلح موضوعى | |
| 9 (RLIN) | 14822 |
| مصطلح موضوعي أو اسم جغرافي كعنصر مدخل | مراقبة الإنتاج |
| 650 ## - المدخل الاضافى بالموضوع-مصطلح موضوعى | |
| 9 (RLIN) | 14825 |
| مصطلح موضوعي أو اسم جغرافي كعنصر مدخل | بحوث العمليات |
| 942 ## - عناصر المدخل الإضافي( كوها) | |
| مصدر التصنيف او مخطط الترفيف | Dewey Decimal Classification |
| Koha [default] item type | Book - Borrowing |
| حالة التراجع | حالة الفقد | مصدر التصنيف او خطة الترفيف | حالة تلف | ليس للاعارة | مجموعات كوها | المكان الدائم | المكان الحالي | موقع الترفيف | تاريخ الاكتساب | Source of acquisition | رقم الاستدعاء | الباركود | Date last seen | مُعار | نوع الوعاء |
|---|---|---|---|---|---|---|---|---|---|---|---|---|---|---|---|
| Dewey Decimal Classification | Central Library | Central Library | First floor | 16/06/2010 | Donation | 658.5 الب | 000020406 | 15/07/2025 | 22/07/2012 | Book - Borrowing |